Heilige, Biographien und Geschichte in Afrika : (Record no. 605757)

MARC details
000 -LEADER
fixed length control field 00573nam a2200193 a 4500
008 - FIXED-LENGTH DATA ELEMENTS--GENERAL INFORMATION
fixed length control field 251227s2003##################000#0#eng##
020 ## - INTERNATIONAL STANDARD BOOK NUMBER
ISBN 9783631364987
082 04 - DEWEY DECIMAL CLASSIFICATION NUMBER
Classification number 206.1096
Item number HIR
100 1# - MAIN ENTRY--AUTHOR NAME
Personal name Kropp, Manfred,
245 10 - TITLE STATEMENT
Title Heilige, Biographien und Geschichte in Afrika :
260 ## - PUBLICATION, DISTRIBUTION, ETC. (IMPRINT)
Name of publisher Peter Lang Gmbh, Internationaler Verlag Der Wissenschaften,
Year of publication 2003.
300 ## - PHYSICAL DESCRIPTION
Number of Pages 374 pages
650 #0 - SUBJECT ADDED ENTRY--TOPICAL TERM
Topical Term Foreign Language Study.
942 ## - ADDED ENTRY ELEMENTS (KOHA)
Koha item type English Books
Holdings
Withdrawn status Lost status Damaged status Not for loan Home library Current library Shelving location Date acquired Full call number Accession Number Price effective from Koha item type
        Anna Centenary Library Anna Centenary Library 3RD FLOOR, B WING 29.12.2025 206.1096 HIR 216840 29.12.2025 English Books

Find us on the map